| 000 | 00447nam a2200157 a 4500 | ||
|---|---|---|---|
| 001 | 000016653 | ||
| 005 | 20200929164937.0 | ||
| 008 | 100308s1987 dr a 000 0 spa d | ||
| 040 |
_aDO-SdBNP _bspa _cBNPHU |
||
| 082 |
_axxx _bP438e |
||
| 100 | 1 |
_aPérez, Pascual _936999 |
|
| 245 | 1 | 0 |
_aExpress English communication / _cPascual Pérez. |
| 260 |
_aSanto Domingo : _bLibreria Técnica, _c1987. |
||
| 300 |
_a135 p. : _bil. ; _c22 cm. |
||
| 049 | _aBNPD | ||
| 999 |
_c16186 _d16186 |
||